Apuntes para una historia del video en Chile
Guardat en:
| Autor principal: | |
|---|---|
| Format: | Llibre |
| Idioma: | espanyol |
| Publicat: |
Santiago
Ocho Libros
2010
|
| Edició: | 1a. ed |
| Matèries: | |
| Etiquetes: |
Afegir etiqueta
Sense etiquetes, Sigues el primer a etiquetar aquest registre!
|
MARC
| LEADER | 00000cam a2200000 a 4500 | ||
|---|---|---|---|
| 001 | UCE7526 | ||
| 003 | CL-VaPUC | ||
| 008 | 150626e20100000cl |||||||||||||||||spa|d | ||
| 020 | |a 9789563350180 | ||
| 082 | 0 | 4 | |a 702.81 |b LIÑ |2 21 |
| 100 | |a Liñero Arend, Germán |e autor |9 580175 | ||
| 245 | 1 | 0 | |a Apuntes para una historia del video en Chile |
| 250 | |a 1a. ed | ||
| 300 | |a 243 p | ||
| 942 | |c BK | ||
| 945 | |d 20150626 15:30:00 |a dcastane | ||
| 260 | |a Santiago |b Ocho Libros |c 2010 | ||
| 650 | 0 | |a Artes escénicas |9 318853 | |
| 650 | 0 | |a Videos |9 335420 | |
| 650 | 0 | |a Historia del cine |9 265166 | |
| 583 | |a last modification |c 20150626 15:30:00 |k Rodrigo Vera | ||
| 999 | |c 359594 |d 359592 | ||
| 952 | |0 0 |1 0 |3 erb |4 0 |6 702_810000000000000_LIÑ_2010 |7 0 |8 A |9 468862 |a FDOSRS |b BIBART |i 5164664 |l 5 |o 702.81 LIÑ 2010 |p 5164664 |r 2025-03-13 |s 2021-10-26 |w 2019-11-23 |y BK |z Catalogado en:20150626 |k SRS | ||